000 00322nam a2200133 i 4500
001 bg
100 1 _aNARTOWSKI, Zbigniew
245 0 _aStacje elektroenergetyczne 110-750 kV /
_cZ. Nartowski.
260 _aWarszawa,
_c1984.
040 _cBPK
041 _apol
942 _cKS
008 s pl f |000 0 pol
999 _c22580
_d22580
856 _uhttp://koha.tu.koszalin.pl/cgi-bin/koha/opac-detail.pl?biblionumber=22580
_yKatalog online BPK